| 000 | 00330nam a2200133Ia 4500 | ||
|---|---|---|---|
| 008 | 190216s9999||||xx |||||||||||||| ||und|| | ||
| 100 | _aSatish Jain | ||
| 245 | 0 | _aComputer Science And Basic Programming- Introduction | |
| 250 | _a2nd Ed. | ||
| 260 |
_bBpb Publications _c1990 |
||
| 300 | _a493 | ||
| 650 | _aComputer | ||
| 942 | _cBK | ||
| 999 |
_c8493 _d8493 |
||